000 00902nas a2200301 4500
001 BR0401538
003 BR-BrBNA
005 20231205104428.0
007 ta
008 230509b bl.|||p| |||| 00| 00por d
040 _aBR-BrBNA
_bpor
_cBiblioteca Nacional de Agricultura
041 _a(Pt)
072 _aL72
100 1 _aOyafuso, M.K.
100 1 _aDagnone, A.S.
100 1 _aVidotto, O.
100 1 _aMorais, H.S.A. de
245 1 _aCaracterização de carrapatos parasitas de cães em uma população hospitalar no norte do Paraná
650 _aCÃO
650 _aCARRAPATO
650 _aPARASITO DE ANIMAL
650 _aAMBLYOMMA CAJANNENSE
650 _aPRAGA DE ANIMAL
650 _aPARANÁ
773 0 _tSemina Ciencias Agrarias (Brazil)
_xISSN 1676-546X
_g(Jan-Jun 2002), v. 23(1) p. 71-74
_wBR0401538
909 _a202311
_bLúcia
_c55
_dLúcia Elande
942 _2AGRIS
_n0
_cANA
999 _c178097
_d178097